000 00682nam a22002297a 4500
999 _c361042
_d361042
001 74748
003 UA-OsUOA
005 20200506122055.0
007 ta
008 20110418b un ||||| |||| 00| 0 ukr d
040 _aUA-OsUOA
_bukr
_cUA-OsUOA
_dUA-OsUOA
041 _aukr
080 _a821.161.2-1
090 _a821.161.2-1
_bС59
100 _aСокіл В.
245 _aНазустріч вітрам: до 900-річчя Острога і 10-річниці незалежності України
260 _aОстрог
_c2001
300 _a106 с.
650 7 _a82 Література. Літературознавство
_2UDC
942 _cBK
_2udc
955 _a3